LEADER 01203nam 2200325Ia 450 001 996397381703316 005 20200824132149.0 035 $a(CKB)4940000000055420 035 $a(EEBO)2248501676 035 $a(OCoLC)ocm11490583e 035 $a(OCoLC)11490583 035 $a(EXLCZ)994940000000055420 100 $a19841213d1683 uy | 101 0 $aeng 135 $aurbn||||a|bb| 200 03$aAn Account how the Earl of Essex killed himself in the Tower of London, the 13th of July 1683$b[electronic resource] $eas it appears by the coroners inquest and the several informations following 210 $aLondon $cPrinted by the assigns of John Bill ... and by Henry Hills and Thomas Newcomb ...$d1683 215 $a8 p 300 $aRoyal arms (Steele 88) on t.p. 300 $aThe official report, signed by the coroner at end: E. Farnham. 300 $aReproduction of original in Huntington Library. 330 $aeebo-0113 801 0$bEAA 801 1$bEAA 801 2$bm/c 801 2$bWaOLN 906 $aBOOK 912 $a996397381703316 996 $aAn Account how the Earl of Essex killed himself in the Tower of London, the 13th of July 1683$92366886 997 $aUNISA